| 000 -LEADER |
| fixed length control field |
00638cam a22001577a 4500 |
| 008 - FIXED-LENGTH DATA ELEMENTS--GENERAL INFORMATION |
| fixed length control field |
180718b2010 xxu||||| |||| 00| 0 eng d |
| 082 ## - DEWEY DECIMAL CLASSIFICATION NUMBER |
| Classification number |
A99 J185 M295r |
| 245 ## - TITLE STATEMENT |
| Title |
Proceedings of the National Seminar on the role of Babu Jagjivan Ram in promoting social justice in India, 16-17 December,2009 |
| Statement of responsibility, etc. |
edited by Lokendra Malik and Kusum Lata |
| 260 ## - PUBLICATION, DISTRIBUTION, ETC. |
| Place of publication, distribution, etc. |
New Delhi |
| Name of publisher, distributor, etc. |
Indian Institute of Public Administration |
| Date of publication, distribution, etc. |
2010 |
| 300 ## - PHYSICAL DESCRIPTION |
| Extent |
176p. |
| 650 ## - SUBJECT ADDED ENTRY--TOPICAL TERM |
| Topical term or geographic name entry element |
India --Politics and government --1947- |
| 650 ## - SUBJECT ADDED ENTRY--TOPICAL TERM |
| Topical term or geographic name entry element |
India --Politics and government --1919-1947 |
| 650 ## - SUBJECT ADDED ENTRY--TOPICAL TERM |
| Topical term or geographic name entry element |
Ram, Jagjivan, 1908-1986 |
| 700 ## - ADDED ENTRY--PERSONAL NAME |
| Personal name |
Lata, Kusum |
| 700 ## - ADDED ENTRY--PERSONAL NAME |
| Personal name |
Malik, Lokendra |